Les correspondances du métro en dehors de Paris - Statistiques

Statistiques générales
  • Ce quiz a été pris 10 fois
  • Le résultat moyen est 14 sur 22
Statistiques - réponses
Lignes Station % Correct
M7, T1 La Courneuve - 8 mai 1945
75%
M1, RER A, RER E La Défense
75%
M14, RER C Saint-Ouen
75%
M14, RER C Thiais - Orly (Pont de Rungis)
75%
M7, T7 Villejuif - Louis Aragon
75%
M13, T1, T5 Basilique de Saint-Denis
63%
M5, T1 Bobigny - Pablo Picasso
63%
M10, T2 Boulogne - Pont de Saint-Cloud
63%
M1, RER A Château de Vincennes
63%
M13, T6 Châtillon - Montrouge
63%
M8, TVM Créteil - Université
63%
M13, T1 Les Courtilles
63%
M13, M14 Mairie de Saint-Ouen
63%
M7, RER C Mairie d'Ivry
63%
M8, C1 Pointe du Lac
63%
M9, T2 Pont de Sèvres
63%
M11, RER E Rosny - Bois Perrier
63%
M13, M14, RER D Saint-Denis - Pleyel / Carrefour Pleyel
63%
M13, T8 Saint-Denis - Porte de Paris
63%
M13, T5 Saint-Denis - Université
63%
M14, T7 Aéroport d'Orly
50%
M14, T7, TVM Chevilly-Larue (Marché international)
50%
Aucun quiz correspondant
Distribution des résultats
% des personnes avec chaque résultat
Percentile par nombre de réponses
Votre historique - résultats
Vous n’avez pas pris ce quiz